000 01110nam a22002537a 4500
999 _c65297
_d65297
005 20240530110817.0
008 190702s2019 ua af f b 000 0 ara d
017 _a2018/16477
_bمصر. دار الكتب
020 _a9789777358743
040 _aEG-CaGPL
_cEG-CaGPL
082 0 4 _221
_a691.2/
_bق/ج أ
100 0 _bجمال عبدالعاطى خيرالله
245 1 0 _aاعمال الرخام فى القاهرة العثمانية :
_bدراسة اثرية فنية مع معجم لاهم المصطلحات الفنيةوالالقاب العثمانية /
_cجمال عبدالعاطى خيرالله
250 _aط.1
260 _aالاسكندرية :
_bدار الوفاء لدنيا الطباعة و النشر،
_c2019.
300 _a515.ص :
_bايض ؛
_c24 سم.
504 _aيشتمل على ارجاعات ببليوجرافية
650 0 7 _2qrmak
_aالرخام
650 0 7 _2qrmak
_aالرخام
_zالامبراطورية العثمانية
650 0 7 _2qrmak
_aالرخام
_zمصر
651 _2qrmak
942 _2ddc
_cBK